000 00578nam a22002177a 4500
001 00028896
005 20260425092142.0
008 260425b ag ||||| |||| 00| 0 spa d
020 _a8441301220
040 _aAR-CcCEOS
_bspa
_cAR-CcCEOS
041 _aspa
080 _a909.7:7
090 _bBLI v.1
100 _aCharles Blitzer
_91125
245 _aLa era de los reyes :
_bVolumen I /
_cCharles Blitzer
264 _aBarcelona :
_bFolio,
_c1994.
300 _a95 p. ;
_c24x18 cm.
490 _vAtlas culturales del mundo
655 0 _aarte
_9138
942 _2udc
_cBK
_n0
999 _c28940
_d28940